Grammaire allemande à l'usage des collèges, suivie des racines allemandes et d'exercices sur les racines

Gespeichert in:
Bibliographische Detailangaben
1. Verfasser: POTTGEISSER, J. /WILHELM, Chr. R. P. [Révérend Père] de S. J. [Societatis Jesu]
Format: keine Angabe
Sprache:Spanisch
Erschienen: Bruxelles-Leipzig-Aix-la-Chapelle Mayer et Flatau, librairie allemande, française et étrangère 1854
Katalog:MANES:  Suchergebnis im Bibliothekskatalog
Schulbuchspezifische Eigenschaften:
Schlagworte:
Tags: Tag hinzufügen
Keine Tags, Fügen Sie den ersten Tag hinzu!
Hinzugefügt zu:26.04.2016

MARC

LEADER 000000000a22000000004500
001 22911
008 160427s be ||||| |||| 00| 0 spa d
040 |a manes  |c manes 
041 |a Alemán;Francés 
100 1 |a POTTGEISSER, J. /WILHELM, Chr.  |b R. P. [Révérend Père] de S. J. [Societatis Jesu] 
245 0 0 |a Grammaire allemande à l'usage des collèges, suivie des racines allemandes et d'exercices sur les racines 
260 3 |a Bruxelles-Leipzig-Aix-la-Chapelle  |b Mayer et Flatau, librairie allemande, française et étrangère  |c 1854 
300 |a 169 p. 
546 |a Bélgica 
650 7 |a Lenguas Extranjeras 
655 7 |a Secundaria 
942 |2 ddc  |c BK 
999 |c 45239  |d 45239 
999 |c manes:45239  |d 45239